000 00632nam a2200205 a 4500
001 21716
003 CO-ViMGA
008 141112s2004 ck r 000 u spa d
020 _a9789587044843
040 _aCO-ViMGA
_bspa
_cCO-ViMGA
082 0 4 _a894.35 P158m
100 1 _aPamuk, Orhan
_930993
245 1 0 _aMe llamo rojo
260 _aBogotá :
_bAlfaguara,
_c2006
300 _a564
590 _aForma de adquisición : Donación fact. 8857 - - Precio : 41000 - - Proveedor : Fundación exito - - Fecha de adquisición : Julio 2007
650 1 4 _aISLAMISMO - NOVELA
_930994
650 1 4 _aNOVELA TRUCA
_930995
942 _2ddc
_cBK
999 _c30275
_d30275